Представление документа в формате RUSMARC

ПолеНазваниеЗначение
  Тип записи a
  Библиографический уровень m
001 Контрольный номер RU/SLIB/B/208735169
005 Дата корректировки 20241119114816.8
010 Индекс ISBN __
d Цена 4-90
101 Язык документа 0_
a Язык текста rus
200 Заглавие и сведения об ответственности 1_
a Заглавие Жизнь растений
e Сведения, относящиеся к заглавию в 6 т.
f Первые сведения об ответственности под ред. А. Л. Тахтаджяна
b Общее обозначение материала Текст
h Номер части Т. 6
i Наименование части Цветковые растения
210 Выходные данные 1_
a Место издания М.
c Издательство Просвещение
d Дата издания 1982
215 Физическое описание __
a Объем 544 с., [34] л. ил.
606 Тематические рубрики __
a Основная рубрика Биология
606 Тематические рубрики __
a Основная рубрика Систематика высших растений
610 Ключевые слова 0_
a Ключевые слова покрытосеменные растения; цветы; цветковые растения; растения
686 Индексы других классификаций __
a Классификационный индекс 28.5
686 Индексы других классификаций __
a Классификационный индекс 28.592.7; ст28.5 + ст28.592
702 Вторичная интеллектуальная ответственность _1
a Фамилия Тахтаджян
b Имя А. Л.
4 Код отношения Редактор
4 Код отношения 340
801 Источник записи _0
a Страна RU
b Организация Муниципальное бюджетное учреждение культуры "Централизованная библиотечная система" г. Сургут (Центральная городская библиотека им. А. С. Пушкина)
g Правила каталогизации КиК/Уланова
801 Источник записи _1
a Страна RU
b Организация Муниципальное бюджетное учреждение культуры "Централизованная библиотечная система" г. Сургут (Центральная городская библиотека им. А. С. Пушкина)
g Правила каталогизации КиК/Уланова
852 Данные о местонахождении __
j Шифр хранения 28.5
i Авторский знак Ж 71
p Инвентарный номер 13712
901 Тип документа __
t Тип документа m
990 Данные о заказе (DOS) __
j Количество экземпляров (DOS) 3
t N записи в КСУ для И/У (DOS) 199101